000 00717nam a2200289Ia 4500
005 20260324113754.0
008 008 260324s9999 xx 000 0 eng d
020 _a9781003242208
037 _aEBOOK
040 _aCRL
040 _beng
040 _cCRL
041 _2eng
041 _aeng
084 _qCRL
100 _aPradeep Kumar; Madhu Kamle; Dipendra Kumar Mahato
_91148111
245 0 _aMycotoxins in Food and Feed
245 0 _bDetection and Management Strategies
260 _bTaylor and Francis
260 _c2023
365 _a
365 _b340
856 _uhttp://www.taylorfrancis.com/books/9781003242208
942 _cEBOOK
999 _c1737937
_d1737937